000 00489nam a22001337a 4500
003 SGT
020 _a8171565921
082 _a320
_bB96S
100 _aशर्मा, रामनाथ
245 _aभारत में सामाजिक परिवर्तन एवं सामाजिक समस्याए
260 _bअटलांटिक पब्लिशर्स & डिस्ट्रीब्यूटर्स
_c1996
300 _a382
942 _2ddc
_cBK
999 _c29356
_d29356